000 00814nam a2200229Ii 4500
003 JO-AjNU
008 230605s9999||||xx |||||||||||||| ||und||
017 _a2009/16713
020 _a977-17-9262-3
040 _aJO-AjNU
_bara
_erda
_cJO-AjNU
041 _aara
050 1 4 _aPJ7571 2009
100 3 _aالسالم، عبد الله بن عبد الكريم,
_eauthor
_957221
245 0 0 _aالقصص: رؤية جديدة لتوظيفها لدى المديرين كوسيلة لنقل المعرفة والتعلم من التجارب
250 _aط2
264 3 1 _aالقاهرة: المؤلف، 2009
300 _a209ص
336 _atext
_btxt
_2rdacontent
337 _aunmediated
_bn
_2rdamedia
338 _avolume
_bnc
_2rdacarrier
650 4 _aالقصة العربية- تاريخ ونقد
_957222
999 _aA25628
_c29196
_d29196